Legendary ladies of Texas /

Bibliographic Details
Other Authors: Abernethy, Francis Edward
Format: Book
Language:English
Published: Dallas : E-Heart Press, 1981.
Series:Publications of the Texas Folklore Society ; no. 43.
Subjects:

MARC

Tag First Indicator Second Indicator Subfields
LEADER 00000cam a2200000 a 4500
001 in00000070373
005 20190207093456.0
008 811125s1981 txuac b 00000ceng
010 |a  80068402  
020 |a 0935014012 
020 |a 0935014020 (pbk.) 
035 |a (OCoLC)07723940 
035 |9 AAJ8672AM 
039 0 |a 2  |b 3  |c 3  |d 3  |e 3 
040 |a DLC  |c DLC  |d TXA  |d UtOrBLW 
043 |a n-us-tx 
049 |a TXAM  |c 1 [1701821]  |a TXAS  |c 2 [txas], 3 [dyks] 
050 0 0 |a GR1  |b .T4 no. 43 
082 0 |a 398.2/2/09764  |2 19 
245 0 0 |a Legendary ladies of Texas /  |c edited by Francis Edward Abernethy. 
264 1 |a Dallas :  |b E-Heart Press,  |c 1981. 
300 |a xii, 224 pages :  |b illustrations, portraits ;  |c 27 cm. 
336 |a text  |b txt  |2 rdacontent 
337 |a unmediated  |b n  |2 rdamedia 
338 |a volume  |b nc  |2 rdacarrier 
490 1 |a Publications of the Texas Folklore Society ;  |v no. 43 
500 |a The Cushing Library/Chapman Texas Collection copy is part of the Floyd & Louise Chapman Texas & Borderlands Collection.  |5 TXA 
504 |a Includes bibliographical references. 
650 0 |a Women  |z Texas  |x Folklore. 
650 0 |a Women  |z Texas  |v Biography. 
650 0 |a Legends  |z Texas. 
700 1 |a Abernethy, Francis Edward. 
830 0 |a Publications of the Texas Folklore Society ;  |v no. 43. 
999 |a MARS 
999 f f |s f1be0261-eff7-3eb5-aea6-be1be20a84a6  |i dfef6f7d-1992-38d9-a404-cba1ce348794  |t 0 
952 f f |p noncirc  |a Texas A&M University  |b College Station  |c Cushing Memorial Library & Archives  |d Cushing: Chapman Texas Collection (Does not check out)  |t 0  |e GR1 .T4 no.43  |h Library of Congress classification  |i unmediated -- volume 
952 f f |p noncirc  |a Texas A&M University  |b College Station  |c Cushing Memorial Library & Archives  |d Cushing: Dykes (Does not check out)  |t 0  |e GR1 .T4 no.43  |h Library of Congress classification  |i unmediated -- volume  |m A14851744152 
952 f f |p ric  |a Texas A&M University  |b Rellis Campus  |c Joint Library Facility  |d Remote Storage  |t 0  |e GR1 .T4 no.43  |h Library of Congress classification  |i unmediated -- volume  |m A14817114231 
952 f f |p ric  |a Texas A&M University  |b Rellis Campus  |c Joint Library Facility  |d Remote Storage  |t 0  |e GR1 .T4 no.43  |h Library of Congress classification  |i unmediated -- volume  |m A14806114765 
998 f f |a GR1 .T4 no.43  |t 0  |l Remote Storage 
998 f f |a GR1 .T4 no.43  |t 0  |l Remote Storage 
998 f f |a GR1 .T4 no.43  |t 0  |l Cushing: Chapman Texas Collection (Does not check out) 
998 f f |a GR1 .T4 no.43  |t 0  |l Cushing: Dykes (Does not check out)